|
|
|
|
| LEADER |
00000cam a2200000 a 4500 |
| 001 |
vtls001103913 |
| 003 |
SK-MaSNL |
| 005 |
20260301062526.0 |
| 008 |
250313s1981 xo da e n 000 0 slo |
| 015 |
|
|
|a SNBA1981
|
| 035 |
|
|
|a SNK000046755
|
| 035 |
|
|
|a urn:nbn:sk:snk-amlbte
|
| 035 |
|
|
|a urn:nbn:sk:snk-am0092d4
|
| 035 |
|
|
|a 35EA7AFA-5C7B-4CF7-A1BD-576EC7FDBC34
|
| 040 |
|
|
|a SNK
|b slo
|c SNK
|e AACR2
|
| 041 |
0 |
|
|a slo
|
| 044 |
|
|
|a xo
|c SK
|
| 080 |
|
|
|a 681.511.2.012/.013(075.8)(076.5)
|2 1981
|
| 100 |
1 |
|
|a Hrivňák, Juraj,
|d 1930-
|4 aut
|9 8642
|
| 245 |
1 |
0 |
|a Teória riadenia 2
|b lineárne číslicové obvody : príklady a úlohy
|c Juraj Hrivňák, Nadežda Spurná
|
| 250 |
|
|
|a 1. vyd., 2. dotl.
|
| 260 |
|
|
|a Bratislava
|b Slovenská vysoká škola technická
|c 1981
|
| 300 |
|
|
|a 263 s.
|b grafy, sch., tab.
|c 29 cm
|
| 366 |
|
|
|e 200 výt.
|
| 504 |
|
|
|a Bibliogr. odkazy
|
| 650 |
0 |
7 |
|a teória riadenia
|2 SNKPH
|9 1152
|
| 650 |
0 |
7 |
|a lineárne obvody
|2 SNKPH
|9 69897
|
| 655 |
|
7 |
|a učebnice vysokých škôl
|2 SNKPH
|9 70191
|
| 655 |
|
7 |
|a praktické cvičenia
|2 SNKPH
|9 70517
|
| 700 |
1 |
|
|a Spurná, Nadežda
|4 aut
|9 8859
|
| 852 |
|
|
|a Slovenská národná knižnica
|
| 958 |
|
|
|a OND
|
| 958 |
|
|
|a RM
|
| 958 |
|
|
|a UV
|
| 958 |
|
|
|a NB
|
| 999 |
|
|
|c 620993
|d 622923
|
| 952 |
|
|
|a SNK
|b SNK
|y PREZ
|7 0
|p 17A0992283
|o snkSB 32718/2
|i snkKSP 9961/81
|0 0
|1 0
|4 0
|d 2014-11-24
|f 1
|l 0
|r 2025-04-07 00:00:00
|w 2026-02-23
|
| 952 |
|
|
|a SNK
|b SNK
|y VYP
|7 0
|o snkSB 32718/2 D1
|i snkKSP 9962/81
|0 0
|1 0
|4 0
|d 2014-11-24
|l 0
|r 2026-02-23 16:55:04
|w 2026-02-23
|